000 00358nam a2200133Ia 4500
008 231129s1992||||xx |||||||||||||| ||spa||
040 _bspa
082 _a923.5 S678
100 _aSociedad Santanderista de Colombia.
245 0 _aBicentenario del nacimiento del General Francisco de Paula Santander
260 _c1992
264 _aKelly
942 _2ddc
_cBKS
999 _c6158
_d6158